000 00694nam a2200181 i 4500
001 95707
003 ES-MaACL
005 20230906181746.0
007 t|
008 050602s1961 sp ||||1| spa d
100 1 _aLlopis Lladó, Noel.
_972839
245 1 0 _aMontarto
_b: Coma lo Forno, Colomers, Aigües Tortes, Boï /
_cnotas geográficas por el Dr. Llopis Lladó; mapa topográfico por Rosendo Vila Blanch, aportaciones de Ramón de Semir de Arquer.
260 _aGranollers :
_bEd. Alpina,
_c1961.
300 _a24 p., 1 map. col. pleg. ;
_c16 cm.
700 1 _aVila Blanch, Rosendo.
_9114713
700 1 _aSemir y de Arquer, Ramón de.
_9105389
852 _aES-MaACL
_j2010-F-17
_bR.48801
999 _c95707
_d95707